000 00424nam a2200133Ia 4500
008 100328s9999 xx 000 0 und d
082 _b71244
100 _aकोलारकर श.गो.-अनु.(मूळ लेखक-जदुनाथ सरकार).
245 _aऔरंगजेब
260 _bडायमंड.
630 _aऔरंगजेब
730 _aऔरंगजेब
942 _cBOOK
999 _c556968
_d556965